[Event "2nd Gujarat Open 2019"]
[Site "Ahmedabad, Gujarat"]
[Date "2019.09.23"]
[Round "2.7"]
[White "Das, Sayantan"]
[Black "Patil, Mitali"]
[Result "1-0"]
[WhiteElo "2434"]
[BlackElo "2036"]
[Annotator "TA"]
[PlyCount "96"]
[EventDate "2019.09.22"]
[EventCountry "IND"]
[SourceTitle "playchess.com"]
[Source "ChessBase"]
[SourceQuality "1"]

{[%evp 9,96,-9,-4,-25,-2,-5,-7,-7,-4,0,0,-3,20,21,12,15,14,24,11,12,23,24,18,12,28,0,0,0,0,0,20,21,50,43,55,0,45,38,45,43,43,50,41,44,72,0,0,0,18,16,37,27,50,41,63,42,55,60,100,93,122,107,110,109,173,157,161,137,354,347,294,262,590,325,694,609,29981,29982,29982,29983,29983,29984,29984,29985,29985,29986,29986,29987,29987]} 1. d4 d5 2. Bf4 Nf6 3. e3 e6 4. Nd2 Bd6 5. Bg3 O-O 6. Bd3 {D00: 1 d4 d5: Unusual lines} (6. Ngf3 b6 7. c3 c5 8. Bd3 Ba6 9. Bxa6 Nxa6 10. O-O Bxg3 11. hxg3 Qc7 12. Qe2 Nb8 13. e4 dxe4 14. Nxe4 Nbd7 {1-0 (55) Duda,J (2738)-Giri,A (2783) St Petersburg 2018}) 6... b6 7. Qe2 c5 {Hoping for ...c4.} 8. c3 {The position is equal.} Bb7 9. e4 {[#] aiming for Bxd6.} dxe4 10. Nxe4 Nxe4 11. Bxe4 Bxe4 12. Qxe4 Na6 13. O-O-O $146 cxd4 14. Rxd4 Qg5+ $1 15. f4 Qe7 16. Nf3 Nc5 17. Qc6 Rad8 18. Rhd1 {[%cal Rd4d6]} Bb8 19. Kc2 Rxd4 (19... Rc8 $5 20. Qb5 $8 (20. Bh4 $2 g5 $19) 20... Qf6 $11) 20. Rxd4 Rd8 21. b4 $36 {[%mdl 2048] And now Bh4 would win. White is more active.} Nd7 $1 22. Qc4 (22. Bh4 $14 f6 23. g4) 22... Nf6 23. Bh4 Rxd4 24. Qxd4 Qd6 25. Bxf6 gxf6 26. g3 Qc6 27. Nd2 ({Much weaker is} 27. Qxf6 Qxf3 28. Qg5+ Kh8 $11) (27. Qd8+ $16 Kg7 28. Nd4 (28. Qxb8 Qe4+ 29. Kd2 Qxf3 $11)) 27... Kg7 $11 28. Qe4 Qxe4+ 29. Nxe4 {[%mdl 4096] Endgame KB-KN} f5 30. Ng5 e5 31. fxe5 Bxe5 32. Nf3 Kf6 33. Kd3 f4 {[#]} 34. g4 $1 b5 35. c4 bxc4+ 36. Kxc4 Bc7 (36... Ke6 $16) 37. Kd5 Kg6 38. Ke4 h5 $2 (38... a6 $16 39. a4 Kf6) 39. gxh5+ $18 Kxh5 40. Kf5 f6 $2 (40... a6 {is tougher.} 41. h3 Bd8 42. Kxf4 Kg6 43. Ne5+ Kg7) 41. h3 Be5 $2 (41... Kh6 42. Kxf6 a6) 42. b5 Kh6 43. Nxe5 {White mates.} fxe5 {K3P-K3P} 44. Kg4 Kg6 45. a4 {[%cal Ba2a4,Ba4a5,Ba5a6][%mdl 32]} Kf6 46. a5 Ke6 47. b6 axb6 48. a6 Kd5 {Accuracy: White = 84%, Black = 37%.} 1-0

[Event "2nd Gujarat Open 2019"]
[Site "Ahmedabad, Gujarat"]
[Date "2019.09.23"]
[Round "2.8"]
[White "Kavinda, Akila"]
[Black "Neelotpal, Das"]
[Result "0-1"]
[WhiteElo "2029"]
[BlackElo "2433"]
[Annotator "TA"]
[PlyCount "76"]
[EventDate "2019.09.22"]
[EventCountry "IND"]
[SourceTitle "playchess.com"]
[Source "ChessBase"]
[SourceQuality "1"]

{[%evp 15,79,25,16,0,10,10,48,38,56,49,26,7,18,0,0,-29,-19,-75,-65,-84,-77,-103,-85,-131,-141,-132,-130,-106,-149,-146,-74,-210,-129,-181,-189,-188,-172,-185,-181,-177,-127,-199,-185,-191,-188,-236,-218,-296,-292,-453,-476,-483,-474,-488,-477,-456,-428,-1228,-1198,-2511,-1201,-1803,-1460,-29992,-29993,-29994]} 1. Nf3 Nf6 2. g3 b5 {[%cal Bb7b5,Bb5b4][%mdl 32]} 3. Bg2 Bb7 4. Na3 a6 5. c4 b4 6. Nc2 e6 7. O-O c5 8. d4 cxd4 9. Qxd4 {A46: 1 d4 Nf6 2 Nf3 e6: Torre, London and Colle Systems} (9. Ncxd4 Be7 10. b3 O-O 11. Bb2 d6 12. Qd2 Qb6 13. a3 bxa3 14. Bxa3 Nbd7 15. Qb4 Qc7 16. Rfd1 Rab8 {1-0 (61) Efimenko,Z (2648)-Moiseenko,A (2707) Dubai 2014}) 9... Nc6 10. Qf4 d6 $146 ({Predecessor:} 10... d5 11. Rd1 Be7 12. cxd5 Nxd5 13. Qg4 h5 14. Qe4 Qb6 15. Bg5 Nf6 16. Qe3 Bc5 17. Qd3 Rd8 18. Qc4 {0-1 (18) Wegerer,F (2100)-Danner,G (2291) Deutschlandsberg 2018}) 11. Rd1 {White is slightly better.} Qb8 12. b3 Be7 13. Bb2 O-O 14. e4 Nd7 15. a3 a5 16. a4 (16. axb4 $11 {keeps the balance.} axb4 17. Nfd4 (17. Rxa8 Qxa8 18. Ra1 Qd8 $11)) 16... e5 17. Qe3 Nc5 18. Rab1 Nd8 19. Nfe1 Nde6 $36 {[%mdl 2048] White is under strong pressure.} 20. Bc1 Bg5 21. Qe2 Bxc1 22. Rdxc1 Qa7 (22... f5 $142 {[%cal Rf5e4]} 23. exf5 Rxf5) 23. Qe3 (23. Nd3 $17) 23... Rad8 24. Rd1 (24. Nd3 $17) 24... Qa8 25. f3 f5 26. exf5 Rxf5 27. Rd2 Qb8 28. Rbd1 (28. h4 $17) 28... Qc7 $19 29. Bh3 Rf6 30. Bg2 h6 31. Re2 Rdf8 32. h4 (32. Rdd2 $142) 32... g5 33. hxg5 Nxg5 34. f4 exf4 35. gxf4 Rxf4 {[#] aiming for ...Rg4.} 36. Nd4 (36. Qe7 $142 Qxe7 {[%mdl 64] Overworked Piece} 37. Rxe7 Bxg2 {[%mdl 64] Overworked Piece} 38. Nxg2 Nf3+ 39. Kf2) 36... Qg7 37. Nb5 Bf3 (37... Nce4 $142 38. Nd3 Nf3+ 39. Qxf3 Rxf3) 38. Rxd6 Bxe2 {Played: Rf4-e4} 0-1

[Event "2nd Gujarat Open 2019"]
[Site "Ahmedabad, Gujarat"]
[Date "2019.09.23"]
[Round "2.9"]
[White "Lugovskoy, Maxim"]
[Black "Gaikwad, Siddhant"]
[Result "1-0"]
[WhiteElo "2422"]
[BlackElo "2034"]
[Annotator "TA"]
[PlyCount "41"]
[EventDate "2019.09.22"]
[EventCountry "IND"]
[SourceTitle "playchess.com"]
[Source "ChessBase"]
[SourceQuality "1"]

{[%evp 9,41,7,12,0,0,0,18,14,31,25,64,54,127,68,66,68,72,67,292,291,322,335,312,292,429,433,426,387,601,585,574,588,583,572]} 1. e4 c5 2. c3 d5 3. exd5 Nf6 4. Nf3 Nxd5 (4... Qxd5 5. d4 Bg4 6. Nbd2 e6 7. Bc4 Qd8 8. Qb3 Qc7 9. Ne5 Bd6 10. Bb5+ Nc6 11. Ndc4 O-O 12. Nxd6 Qxd6 13. Nxg4 Nxg4 14. Be2 Nf6 15. Qa3 Qd5 {0-1 (55) Mammadov,Z (2428)-Odeev,H (2386) Ankara 2019}) 5. d4 e6 6. Bd3 {B22: Sicilian: 2 c3} cxd4 7. Nxd4 Nd7 8. O-O {The position is equal.} Bd6 9. Nd2 $146 ({Predecessor:} 9. Re1 O-O 10. Qg4 N5f6 11. Qh4 Ne5 12. Bc2 {0-1 (32) Budka,J (2125)-Kubikova,H (2190) Czechia 1997}) 9... Nc5 10. Bc2 b6 (10... O-O $14) 11. Re1 ({White should play} 11. b4 $1 $16) 11... O-O 12. b4 $36 {[%mdl 2048] White has the initiative.} Nd7 {[#]} 13. Ne4 $1 {[%cal Re4d6]} N7f6 $2 {[#]} (13... Qc7 $14) 14. Bg5 $1 $18 Bb7 15. Qd3 g6 {intending ...Be7.} 16. c4 Nxe4 (16... Be7 $142) 17. Bxd8 Nxb4 18. Qe2 Nc3 (18... Nxc2 $142 19. Qxc2 Raxd8 20. Rxe4 Bxe4 21. Qxe4 Rd7) 19. Qd2 {White is clearly winning.} Rfxd8 20. Qxc3 Bf8 21. Be4 {Accuracy: White = 69%, Black = 24%.} 1-0

[Event "2nd Gujarat Open 2019"]
[Site "Ahmedabad, Gujarat"]
[Date "2019.09.23"]
[Round "2.10"]
[White "Himanshu, Sharma"]
[Black "Sri Sai Baswanth P"]
[Result "1-0"]
[WhiteElo "2408"]
[BlackElo "2013"]
[Annotator "TA"]
[PlyCount "33"]
[EventDate "2019.09.22"]
[EventCountry "IND"]
[SourceTitle "playchess.com"]
[Source "ChessBase"]
[SourceQuality "1"]

{[%evp 10,65,35,9,37,10,31,31,37,47,51,38,47,42,59,66,83,89,114,95,125,115,119,113,124,105,109,109,92,79,76,-1144,139,109,585,-23,81,84,83,65,164,166,216,200,210,175,158,163,292,291,294,287,293,293,496,280,561,381]} 1. e4 e5 2. Nf3 Nc6 3. Bb5 f5 4. d3 fxe4 5. dxe4 Nf6 6. Qe2 Bb4+ {C63: Ruy Lopez: Schliemann/Jaenisch Defence} (6... Bc5 7. Bg5 h6 8. Bh4 g5 9. Bg3 d6 10. Nc3 Bb4 11. Bxc6+ bxc6 12. Qc4 Bxc3+ 13. Qxc3 O-O 14. Qxc6 {1-0 (28) Smirin,I (2638)-Popov,I (2614) St Petersburg 2012}) 7. Nbd2 {[%cal Bb1d2,Bd2c4,Bc4e5][%mdl 32]} Qe7 (7... Bxd2+ $5 8. Bxd2 d6 $11) 8. c3 {And now Bxc6 would win.} Bc5 {White is slightly better.} 9. b4 Bb6 10. Nc4 Nd8 11. Ncxe5 O-O 12. Bd3 Re8 13. O-O d6 14. Nc4 Nxe4 15. Nxb6 axb6 16. Re1 $146 {[%cal Rd3e4]} d5 {[#]} 17. c4 {Played: Nf3-g5} 1-0

[Event "2nd Gujarat Open 2019"]
[Site "Ahmedabad, Gujarat"]
[Date "2019.09.23"]
[Round "2.11"]
[White "Deodhar, Vrushali Umesh"]
[Black "Karthikeyan, P.."]
[Result "0-1"]
[WhiteElo "2010"]
[BlackElo "2408"]
[Annotator "ChessBase"]
[PlyCount "144"]
[EventDate "2019.09.22"]
[EventCountry "IND"]
[SourceTitle "playchess.com"]
[Source "ChessBase"]
[SourceQuality "1"]
[TimeControl "5400+30"]

1. c4 {[%emt 0:00:00]} c5 {[%emt 0:00:00]} 2. Nc3 {[%emt 0:00:00]} Nf6 {[%emt 0:00:00]} 3. Nf3 {[%emt 0:00:00]} Nc6 {[%emt 0:00:18]} 4. d4 {[%emt 0:00:08]} cxd4 {[%emt 0:00:10]} 5. Nxd4 {[%emt 0:00:03]} Qb6 {[%emt 0:00:09]} 6. Nc2 {[%emt 0:02:36]} e6 {[%emt 0:01:27]} 7. e3 {[%emt 0:06:15]} Be7 {[%emt 0:00:31]} 8. Be2 {[%emt 0:00:16]} O-O {[%emt 0:00:08]} 9. O-O {[%emt 0:00:14]} Qc7 {[%emt 0:03:47]} 10. b3 {[%emt 0:01:02]} b6 {[%emt 0:01:07]} 11. Bb2 {[%emt 0:00:15]} Bb7 {[%emt 0:00:28]} 12. Nb5 {[%emt 0:04:21]} Qb8 {[%emt 0:00:04]} 13. Bf3 {[%emt 0:01:53]} d6 {[%emt 0:07:18]} 14. Qe2 {[%emt 0:10:28]} a6 {[%emt 0:02:08]} 15. Nc3 {[%emt 0:00:29]} Rc8 {[%emt 0:04:03]} 16. Rad1 {[%emt 0:02:00]} Nd7 {[%emt 0:01:13]} 17. Nd4 {[%emt 0:06:44]} b5 {[%emt 0:12:35]} 18. cxb5 {[%emt 0:22:26]} Nxd4 {[%emt 0:01:42]} 19. Rxd4 {[%emt 0:00:02]} Bxf3 {[%emt 0:00:16]} 20. Qxf3 {[%emt 0:00:30]} Bf6 {[%emt 0:03:02]} 21. Rc4 {[%emt 0:01:28]} axb5 {[%emt 0:00:35]} 22. Rxc8+ {[%emt 0:01:13]} Qxc8 {[%emt 0:00:04]} 23. Rc1 {[%emt 0:02:50]} Qa6 {[%emt 0:04:38]} 24. h3 {[%emt 0:10:19]} b4 {[%emt 0:08:21]} 25. Na4 {[%emt 0:01:14]} Bxb2 {[%emt 0:00:21]} 26. Nxb2 {[%emt 0:00:03]} Qxa2 {[%emt 0:01:18]} 27. Rc7 {[%emt 0:01:36]} Ne5 {[%emt 0:06:59]} 28. Qb7 {[%emt 0:01:19]} Rf8 {[%emt 0:01:27]} 29. Nc4 {[%emt 0:07:51]} Qxb3 {[%emt 0:10:50]} 30. Nxe5 {[%emt 0:01:13]} dxe5 {[%emt 0:00:54]} 31. Qe4 {[%emt 0:00:08]} Qd1+ {[%emt 0:02:41]} 32. Kh2 {[%emt 0:00:01]} Qd6 {[%emt 0:04:10]} 33. Rc6 {[%emt 0:07:57]} Qd5 {[%emt 0:08:53]} 34. Qxd5 {[%emt 0:00:25]} exd5 {[%emt 0:00:03]} 35. Rb6 {[%emt 0:00:01]} Rd8 {[%emt 0:00:21]} 36. Rxb4 {[%emt 0:02:09]} Kf8 {[%emt 0:01:17]} 37. Kg3 {[%emt 0:01:00]} Ke7 {[%emt 0:01:04]} 38. Kf3 {[%emt 0:00:14]} Ke6 {[%emt 0:02:24]} 39. Ra4 {[%emt 0:00:43]} h5 {[%emt 0:00:36]} 40. g3 {[%emt 0:02:17]} Rd7 {[%emt 0:04:25]} 41. Rb4 {[%emt 0:01:04]} Kd6 {[%emt 0:00:49]} 42. Ke2 {[%emt 0:00:20]} Ra7 {[%emt 0:00:35]} 43. Rb2 {[%emt 0:01:13]} Kc5 {[%emt 0:00:11]} 44. Kd3 {[%emt 0:01:43]} h4 {[%emt 0:04:35]} 45. Rc2+ {[%emt 0:00:29]} Kd6 {[%emt 0:00:09]} 46. Ke2 {[%emt 0:01:03]} hxg3 {[%emt 0:00:20]} 47. fxg3 {[%emt 0:00:02]} g5 {[%emt 0:01:40]} 48. Rb2 {[%emt 0:00:47]} e4 {[%emt 0:01:10]} 49. Kf2 {[%emt 0:01:06]} Ke5 {[%emt 0:01:42]} 50. g4 {[%emt 0:01:12]} Ra1 {[%emt 0:00:29]} 51. Rb7 {[%emt 0:01:00]} Ra2+ {[%emt 0:00:02]} 52. Kf1 {[%emt 0:00:01]} f6 {[%emt 0:01:02]} 53. Rh7 {[%emt 0:00:56]} Rh2 {[%emt 0:00:41]} 54. Rh8 {[%emt 0:00:25]} Kd6 {[%emt 0:00:12]} 55. Rh6 {[%emt 0:00:59]} Ke6 {[%emt 0:00:22]} 56. Rh7 {[%emt 0:00:04]} Kd6 {[%emt 0:01:23]} 57. Ke1 {[%emt 0:00:25]} Kc5 {[%emt 0:00:23]} 58. Rh6 {[%emt 0:00:02]} Kc4 {[%emt 0:00:30]} 59. Rxf6 {[%emt 0:00:05]} Rxh3 {[%emt 0:00:08]} 60. Ke2 {[%emt 0:01:49]} Rg3 {[%emt 0:00:27]} 61. Rc6+ {[%emt 0:00:30]} Kb5 {[%emt 0:00:02]} 62. Rc8 {[%emt 0:00:40]} Rg2+ {[%emt 0:00:34]} 63. Kf1 {[%emt 0:00:07]} Rxg4 {[%emt 0:00:08]} 64. Kf2 {[%emt 0:00:02]} Rh4 {[%emt 0:00:53]} 65. Kg2 {[%emt 0:00:49]} Rh6 {[%emt 0:00:54]} 66. Rg8 {[%emt 0:00:14]} Rf6 {[%emt 0:00:40]} 67. Rxg5 {[%emt 0:00:07]} Kc4 {[%emt 0:00:17]} 68. Rg3 {[%emt 0:00:40]} Kd3 {[%emt 0:00:17]} 69. Rg5 {[%emt 0:00:44]} Ke2 {[%emt 0:01:23]} 70. Kg1 {[%emt 0:00:48]} Rf1+ {[%emt 0:00:23]} 71. Kg2 {[%emt 0:00:02]} Rd1 {[%emt 0:00:09]} 72. Rg3 {[%emt 0:00:15]} Rd3 {[%emt 0:00:06]} 0-1

[Event "2nd Gujarat Open 2019"]
[Site "Ahmedabad, Gujarat"]
[Date "2019.09.23"]
[Round "2.12"]
[White "Kanishk S K"]
[Black "Hesham, Abdelrahman"]
[Result "0-1"]
[WhiteElo "2001"]
[BlackElo "2396"]
[Annotator "TA"]
[PlyCount "122"]
[EventDate "2019.09.22"]
[EventCountry "IND"]
[SourceTitle "playchess.com"]
[Source "ChessBase"]
[SourceQuality "1"]

{[%evp 11,124,-11,26,16,31,4,17,-14,-21,-22,-28,-32,-30,-30,-31,-50,-45,-86,-66,-100,-102,-83,-92,-94,-104,-94,-81,-78,-52,-52,-15,-8,0,0,0,0,0,0,0,0,0,0,0,0,0,0,26,77,360,360,428,422,566,444,406,0,0,0,0,0,0,0,0,0,0,0,0,0,0,0,0,0,0,0,0,0,0,0,0,0,0,0,0,0,0,0,0,0,0,0,0,0,0,0,0,-29983,-29979,-12851,-29974,-29988,-29989,-29989,-29990,-12851,-29991,-12851,-29992,-12851,-29989,-12851,-29994,-29995,-29996,-29996,-29997]} 1. d4 Nf6 2. Nf3 g6 3. g3 d5 4. Bg2 Bg7 5. O-O O-O 6. Nbd2 b6 7. c4 {D02: 1 d4 d5 2 Nf3 sidelines, including 2...Nf6 3 g3 and 2...Nf6 3 Bf4} e6 8. Qc2 (8. b3 Bb7 9. Bb2 Nbd7 10. Rc1 c5 11. Qc2 Rc8 12. Qb1 Qe7 13. Rfd1 Rfd8 14. cxd5 exd5 {½-½ (60) Banikas,H (2567)-Mista,A (2599) Achaia 2017}) 8... Bb7 9. Ne5 {The position is equal.} Nfd7 10. Nxd7 Nxd7 11. Nb3 a5 12. a4 c6 13. Rd1 Ba6 14. c5 Bc4 15. Bf4 $146 Bxb3 16. Qxb3 bxc5 17. dxc5 Be5 18. Bxe5 Nxe5 19. e4 Qc7 20. Qc3 Rfb8 21. Re1 Nd7 22. exd5 cxd5 23. c6 Nb6 24. Bf1 $36 {[%mdl 2048] White is pushing.} Nc8 25. Rac1 Rb4 26. h4 Rxa4 27. h5 Nd6 28. Bd3 Rb4 29. Kg2 (29. hxg6 $11 hxg6 30. Kg2) 29... Nf5 $2 {[%mdl 8192]} (29... Ne8 $16 {is a better defense.}) 30. hxg6 $1 $18 hxg6 31. Bxf5 $1 {Hoping for Qf6.} gxf5 32. Qf6 {Rh1 would kill now.} Qd8 {[#]} 33. Rxe6 $2 (33. Qe5 $1 $18 Qe7 34. Rh1) 33... fxe6 $11 34. Qxe6+ Kg7 {And now ...Qe8 would win.} 35. c7 Qe8 $1 {[%cal Re8e6]} ({Not} 35... Qc8 $2 36. Qe5+ Kf7 37. Rh1 $18) 36. Qxe8 Rxe8 37. c8=Q Rxc8 38. Rxc8 Rxb2 {[%mdl 4096] Endgame KR-KR} 39. Rc5 Rd2 40. Rxa5 Kf6 41. Kf3 Ke5 42. Ke3 Rb2 43. f4+ Kd6 44. Ra6+ Kc5 45. Rf6 d4+ 46. Kd3 Rb3+ 47. Kd2 Rxg3 48. Rxf5+ Kc4 49. Rg5 Ra3 50. f5 Ra2+ 51. Kd1 Kc3 {( -> ...d3)} 52. f6 Rf2 53. Rg6 $2 {[%mdl 8192]} (53. Ra5 $11) 53... d3 {[%cal Rf2f1]} 54. Ke1 Rf5 (54... Rh2 $19 55. Rg3 Kc2 56. Rxd3 Kxd3 57. f7 Rh8 58. Kf2 {[#]} Rf8 $1 {[%mdl 512]} 59. Kf3 Rxf7+ 60. Kg4 Rf8 61. Kg5 Ke4 62. Kg6 Kf4 63. Kg7 Rf5 64. Kh6 Rf6+ 65. Kh7 Kg5 66. Kg7 Rf4 67. Kh7 Kf6 68. Kg8 Kg6 69. Kh8 Rf8#) 55. f7 d2+ 56. Ke2 Re5+ 57. Kf2 d1=Q 58. Rc6+ Kb3 59. Rb6+ Ka4 60. Ra6+ Kb5 61. f8=Q Re2+ 0-1

[Event "2nd Gujarat Open 2019"]
[Site "Ahmedabad, Gujarat"]
[Date "2019.09.23"]
[Round "2.13"]
[White "Eraschenkov, Denis"]
[Black "Gokhale, Anupama"]
[Result "1/2-1/2"]
[WhiteElo "2390"]
[BlackElo "1984"]
[Annotator "TA"]
[PlyCount "77"]
[EventDate "2019.09.22"]
[EventCountry "IND"]
[SourceTitle "playchess.com"]
[Source "ChessBase"]
[SourceQuality "1"]

{[%evp 14,77,0,0,6,-39,-48,-28,-9,-32,-50,-57,-55,-70,-83,-116,-109,-106,-83,-93,-79,-71,-79,-83,-78,-80,-81,-94,-86,-87,-76,-100,-100,-112,-112,-112,-101,-127,-127,-133,-110,-111,-110,-112,-110,-110,-110,-125,-118,-135,-111,-131,-126,-155,-133,-132,-130,-149,-136,-135,-133,-133,0,-145,0,-126]} 1. e4 c6 2. d4 d5 3. exd5 cxd5 4. c4 Nf6 5. Nc3 Nc6 6. Bg5 dxc4 7. d5 Ne5 8. Qd4 h6 {B13: Caro-Kann: Exchange Variation and Panov-Botvinnik Attack} 9. Qxe5 {[#] Hoping for Bd2.} (9. Bf4 Ng6 10. Bxc4 Nxf4 11. Qxf4 g5 12. Qe3 Bg7 13. Nf3 O-O 14. O-O b5 15. Nxb5 Ba6 16. Rad1 Bxb5 17. Bxb5 Nxd5 {1-0 (33) Cyborowski,L (2518)-Mastrovasilis,D (2606) Poland 2016}) 9... hxg5 10. Bxc4 Bd7 {Black has an edge.} (10... g4 {feels hotter.} 11. Nge2 Qd6 12. Bb5+ Kd8 13. Qd4 a6) 11. Nge2 (11. Qxg5 {keeps more tension.} Qc7 12. Be2 Rxh2 13. Rxh2 Qxh2 14. Nf3) 11... Qb8 12. Qxb8+ Rxb8 13. a4 $146 ({Predecessor:} 13. O-O b5 14. Bb3 b4 15. Nd1 Ng4 16. h3 {1-0 (45) Hirneise,J (2090)-Schmidt,O (2193) Tuebingen 2007}) 13... g6 14. f3 g4 15. f4 Bg7 16. Bb5 O-O 17. Bxd7 Nxd7 18. Rd1 Rfd8 19. h3 Nf6 20. hxg4 Nxg4 21. Rh3 Rd7 22. Rhd3 Rbd8 23. Nc1 Bxc3+ 24. Rxc3 Nf6 (24... Rxd5 $6 25. Rxd5 Rxd5 26. Rc7 $11) 25. Nb3 Nxd5 26. Rc4 Nb6 27. Rxd7 Rxd7 $17 {[%mdl 4096] Endgame KRN-KRN} ({Much weaker is} 27... Nxd7 $6 28. Rc7 $11) 28. Rb4 Nd5 29. Rd4 e6 30. Ke2 Rc7 31. Kd3 Kf8 32. g3 Ke7 33. Re4 Kd6 34. Nd2 Rc1 {White must now prevent ...f5.} 35. Re2 Nb4+ 36. Kd4 Nc6+ 37. Kd3 Nb4+ 38. Kd4 Nc6+ 39. Kd3 {Accuracy: White = 56%, Black = 63%.} 1/2-1/2

[Event "2nd Gujarat Open 2019"]
[Site "Ahmedabad, Gujarat"]
[Date "2019.09.23"]
[Round "2.14"]
[White "Siddharth, Jagadeesh"]
[Black "Saranya, J."]
[Result "1-0"]
[WhiteElo "2362"]
[BlackElo "2022"]
[Annotator "ChessBase"]
[PlyCount "71"]
[EventDate "2019.09.22"]
[EventCountry "IND"]
[SourceTitle "playchess.com"]
[Source "ChessBase"]
[SourceQuality "1"]
[TimeControl "5400+30"]

1. d4 {[%emt 0:00:00]} Nf6 {[%emt 0:01:57]} 2. c4 {[%emt 0:00:03]} e6 {[%emt 0:00:05]} 3. g3 {[%emt 0:00:22]} Nc6 {[%emt 0:00:05]} 4. Nf3 {[%emt 0:01:11]} Bb4+ {[%emt 0:02:46]} 5. Bd2 {[%emt 0:01:01]} Qe7 {[%emt 0:01:04]} 6. Nc3 {[%emt 0:00:06]} Bxc3 {[%emt 0:10:03]} 7. Bxc3 {[%emt 0:00:02]} Ne4 {[%emt 0:00:30]} 8. Rc1 {[%emt 0:00:01]} O-O {[%emt 0:03:26]} 9. Bg2 {[%emt 0:00:02]} d6 {[%emt 0:06:32]} 10. d5 {[%emt 0:00:23]} Nxc3 {[%emt 0:04:54]} 11. Rxc3 {[%emt 0:00:03]} Nb8 {[%emt 0:02:58]} 12. dxe6 {[%emt 0:00:08]} fxe6 {[%emt 0:03:25]} 13. c5 {[%emt 0:04:23]} d5 {[%emt 0:05:15]} 14. O-O {[%emt 0:05:11]} c6 {[%emt 0:03:48]} 15. e4 {[%emt 0:04:14]} Na6 {[%emt 0:13:45]} 16. Qd4 {[%emt 0:02:51]} Rd8 17. Qe3 {[%emt 0:00:30]} Qf6 18. Rd1 {[%emt 0:00:30]} Bd7 19. e5 {[%emt 0:00:30]} Qe7 20. Bf1 {[%emt 0:00:30]} Nc7 21. Nd4 {[%emt 0:00:30]} Ne8 22. b4 {[%emt 0:00:30]} a5 23. b5 {[%emt 0:00:30]} cxb5 24. Bxb5 {[%emt 0:00:30]} Nc7 25. Bxd7 {[%emt 0:00:30]} Qxd7 26. Rb1 {[%emt 0:00:30]} Na6 27. Rb6 {[%emt 0:00:30]} Nb4 28. Rxe6 {[%emt 0:00:30]} Nxa2 29. Ra3 {[%emt 0:00:30]} Nb4 30. Rd6 {[%emt 0:00:30]} Qc7 31. Ne6 {[%emt 0:00:30]} Qe7 32. Nxd8 {[%emt 0:00:30]} Nc2 33. Qb3 {[%emt 0:00:30]} Nxa3 34. Qxd5+ {[%emt 0:00:30]} Kh8 35. Nf7+ {[%emt 0:00:30]} Kg8 36. Rd7 {[%emt 0:00:30]} 1-0

[Event "2nd Gujarat Open 2019"]
[Site "Ahmedabad, Gujarat"]
[Date "2019.09.23"]
[Round "2.15"]
[White "Ramakrishna, Perumalla"]
[Black "Nitin, S.."]
[Result "0-1"]
[WhiteElo "1971"]
[BlackElo "2361"]
[Annotator "TA"]
[PlyCount "42"]
[EventDate "2019.09.22"]
[EventCountry "IND"]
[SourceTitle "playchess.com"]
[Source "ChessBase"]
[SourceQuality "1"]

{[%evp 11,42,33,39,12,16,0,0,0,0,0,18,0,0,-3,0,-18,0,-2,0,0,16,0,0,0,0,0,0,0,0,-7,0,-10,0]} 1. e4 g6 2. d4 Bg7 3. Nf3 d6 4. Be2 Nf6 5. Nc3 O-O 6. O-O c6 7. a3 {B08: Pirc Defence: Classical System} (7. a4 Nbd7 8. a5 Qc7 9. h3 e5 10. Be3 Re8 11. Bc4 exd4 12. Bxd4 Ne5 13. Nxe5 dxe5 14. Be3 Nh5 15. Na4 Nf4 16. Nc5 Qe7 17. Qf3 {½-½ (69) Yu,Y (2752)-Carlsen,M (2882) Saint Louis 2019}) 7... Qc7 {The position is equal.} 8. h3 e5 9. dxe5 $146 ({Predecessor:} 9. Bg5 Re8 10. dxe5 dxe5 11. Qc1 Nbd7 12. Bh6 Nf8 13. Rd1 Ne6 14. Qe3 b5 15. Bxg7 Kxg7 {0-1 (41) Hlavacek,L (1909)-Zens,R (1800) IECG email 2003}) 9... dxe5 10. Be3 Nh5 11. Qd2 Nf4 12. Rad1 Nd7 {[%cal Bb8d7,Bd7c5,Bc5e6,Be6d4][%mdl 32]} 13. Qd6 Qxd6 14. Rxd6 Nxe2+ 15. Nxe2 f5 16. Rfd1 f4 17. Bc1 Nc5 18. Nc3 Ne6 19. b4 {[%cal Bb2b4,Bb4b5,Bb5c6][%mdl 32]} Nd4 20. b5 Bxh3 {...Bg4 is the strong threat.} 21. bxc6 Bg4 {[%mdl 32768] Accuracy: White = 54%, Black = 66%. . Loss on time!?} 0-1

[Event "2nd Gujarat Open 2019"]
[Site "Ahmedabad, Gujarat"]
[Date "2019.09.23"]
[Round "2.16"]
[White "Sidhant, Mohapatra"]
[Black "Arun Rathee"]
[Result "1/2-1/2"]
[WhiteElo "2357"]
[BlackElo "1959"]
[Annotator "ChessBase"]
[PlyCount "38"]
[EventDate "2019.09.22"]
[EventCountry "IND"]
[SourceTitle "playchess.com"]
[Source "ChessBase"]
[SourceQuality "1"]
[TimeControl "5400+30"]

1. d4 {[%emt 0:00:09]} Nf6 {[%emt 0:00:23]} 2. Nf3 {[%emt 0:00:18]} g6 {[%emt 0:01:39]} 3. Bg5 {[%emt 0:00:39]} Bg7 {[%emt 0:01:03]} 4. Nbd2 {[%emt 0:00:13]} d5 {[%emt 0:02:58]} 5. e3 {[%emt 0:00:50]} O-O {[%emt 0:04:36]} 6. c3 {[%emt 0:01:09]} Nbd7 {[%emt 0:08:12]} 7. Bd3 {[%emt 0:03:21]} Re8 {[%emt 0:05:54]} 8. O-O {[%emt 0:14:06]} e5 {[%emt 0:04:08]} 9. dxe5 {[%emt 0:00:07]} Nxe5 {[%emt 0:00:08]} 10. Nxe5 {[%emt 0:00:17]} Rxe5 {[%emt 0:00:02]} 11. Bf4 {[%emt 0:00:54]} Re8 {[%emt 0:01:20]} 12. h3 {[%emt 0:00:09]} c6 {[%emt 0:08:15]} 13. Qc2 {[%emt 1:14:18]} Be6 {[%emt 0:09:38]} 14. Rad1 {[%emt 0:00:00]} Qb6 {[%emt 0:06:06]} 15. Rfe1 {[%emt 0:00:00]} c5 16. b3 {[%emt 0:00:00]} Rac8 17. c4 {[%emt 0:00:00]} Qc6 18. Nf3 {[%emt 0:00:00]} Red8 19. Ne5 {[%emt 0:00:00]} Qe8 1/2-1/2